000
00212 a2200097 4500
001
51020
100
_a
Kausar Niazi
245
_a
Aur Line Kut Gai
260
_a
Lahore
_b
Jang Publishers
_c
090
_c
32308
_d
32308
942
_a
NUST-CAE
_c
M
_c
24790
999
_c
286093
_d
286093